Statistics for Capital Cities of Europe

Click here to take the quiz!

General Stats

  • This quiz has been taken 110 times
    (95 since last reset)
  • The average score is 30 of 45

Answers on the Map

Answers color-coded by a green-red scale on the quiz's map according to % correct below.
 

Answer Stats

Answer% Correct
London
91%
Moscow
89%
Paris
89%
Berlin
85%
Madrid
85%
Dublin
83%
Oslo
83%
Reykjavik
83%
Helsinki
81%
Warsaw
81%
Lisbon
80%
Amsterdam
78%
Copenhagen
78%
Stockholm
78%
Athens
76%
Kiev
76%
Luxembourg
76%
Andorra la Vella
74%
Monaco
70%
San Marino
70%
Bern
69%
Brussels
69%
Minsk
69%
Prague
67%
Budapest
63%
Rome
63%
Bucharest
61%
Vienna
61%
Riga
59%
Sofia
57%
Zagreb
57%
Tirana
56%
Chisinau
54%
Ljubljana
54%
Tallinn
54%
Valletta
52%
Vilnius
50%
Belgrade
48%
Bratislava
48%
Sarajevo
46%
Skopje
43%
Podgorica
41%
Vaduz
39%
Pristina
37%
Vatican City
35%

Score Distribution

Percentile by Number Answered

Percent of People with Each Score

Your Score History

You have not taken this quiz since the last reset